[Event "Oberliga Baden 1213"]
[Site "Baden"]
[Date "2013.04.14"]
[Round "9.5"]
[White "Gierth, Hans Joachim"]
[Black "Petermann, Michail"]
[Result "0-1"]
[WhiteElo "2290"]
[BlackElo "2199"]
[PlyCount "138"]
[EventDate "2012.10.14"]
[EventType "team-tourn"]
[EventRounds "9"]
[EventCountry "GER"]
[SourceTitle "EXT 2014"]
[Source "ChessBase"]
[SourceDate "2013.11.20"]
[SourceVersion "1"]
[SourceVersionDate "2013.11.20"]
[SourceQuality "1"]
[WhiteTeam "Dreisamtal"]
[BlackTeam "Baden-Baden III"]
[WhiteTeamCountry "GER"]
[BlackTeamCountry "GER"]

1. d4 Nf6 2. Bf4 g6 3. e3 Bg7 4. Nf3 0-0 5. Be2 d6 6. h3 Nbd7 7. 0-0 Re8 8. c4 c6 9. Nc3 a6 10. a3 b5 11. b4 Nb6 12. c5 Nbd5 13. Nxd5 Nxd5 14. Rc1 Nxf4 15. exf4 Bd7 16. Re1 a5 17. d5 cxd5 18. c6 Bf5 19. Bxb5 Qb6 20. Bd3 Bxd3 21. Qxd3 axb4 22. axb4 Qxb4 23. Qxd5 e6 24. Qd3 d5 25. g3 Ra3 26. Qe2 Rc8 27. Ng5 Qd6 28. c7 Rxc7 29. Rxc7 Qxc7 30. Rd1 Qa7 31. Kg2 Ra2 32. Rd2 Rxd2 33. Qxd2 Qc7 34. h4 Bf6 35. Nf3 Kg7 36. Ne1 Qc3 37. Qxc3 Bxc3 38. Nd3 h5 39. Kf3 f6 40. Ke2 Kf7 41. f3 e5 42. fxe5 fxe5 43. Nf2 Ke6 44. g4 Bb4 45. gxh5 gxh5 46. Nh1 Kf5 47. Ng3+ Kg6 48. Nf1 Bc5 49. f4 exf4 50. Nd2 Be7 51. Kf3 Bxh4 52. Nb3 Kf5 53. Nd4+ Ke5 54. Nc6+ Kd6 55. Nd4 Bf6 56. Ne2 Be5 57. Nc1 Kc5 58. Nd3+ Kd4 59. Nb4 Bd6 60. Nc2+ Kc4 61. Ke2 Bb4 62. Kf3 Bd2 63. Ke2 Bc1 64. Ne1 d4 65. Kd1 Be3 66. Ke2 h4 67. Nf3 h3 68. Ne5+ Kd5 69. Nf3 Bg1 0-1

[Event "Oberliga Baden 1213"]
[Site "Baden"]
[Date "2013.01.13"]
[Round "5.5"]
[White "Haag, Gregor"]
[Black "Gierth, Hans Joachim"]
[Result "1/2-1/2"]
[WhiteElo "2119"]
[BlackElo "2290"]
[PlyCount "89"]
[EventDate "2012.10.14"]
[EventType "team-tourn"]
[EventRounds "9"]
[EventCountry "GER"]
[SourceTitle "EXT 2014"]
[Source "ChessBase"]
[SourceDate "2013.11.20"]
[SourceVersion "1"]
[SourceVersionDate "2013.11.20"]
[SourceQuality "1"]
[WhiteTeam "Brombach"]
[BlackTeam "Dreisamtal"]
[WhiteTeamCountry "GER"]
[BlackTeamCountry "GER"]

1. Nf3 d5 2. c4 c6 3. e3 Nf6 4. d4 Bf5 5. Nc3 e6 6. Be2 h6 7. 0-0 Nbd7 8. b3 Be7 9. Bb2 0-0 10. Bd3 Bxd3 11. Qxd3 a5 12. a4 Qb6 13. Rfd1 Rfd8 14. Qc2 Qa6 15. Qd3 Rac8 16. e4 Nc5 17. dxc5 dxe4 18. Qe3 exf3 19. gxf3 Qa7 20. Ba3 Qb8 21. Bb2 Rxd1+ 22. Rxd1 Rd8 23. Rxd8+ Qxd8 24. Ne4 Nxe4 25. fxe4 Qd1+ 26. Kg2 Bg5 27. Qf3 Qc2 28. Be5 f5 29. exf5 Qxf5 30. Qxf5 exf5 31. f4 Bh4 32. Bc7 Be1 33. h4 g6 34. Bd8 Kf7 35. h5 gxh5 36. Kh3 Kg6 37. Be7 Bd2 38. Bd6 Bb4 39. Bc7 Bd2 40. Be5 Be1 41. Bd6 h4 42. Bc7 Kh5 43. Be5 Bd2 44. Bd6 Be3 45. Bc7 1/2-1/2

[Event "Oberliga Baden 1213"]
[Site "Baden"]
[Date "2012.11.25"]
[Round "3.6"]
[White "Gierth, Hans Joachim"]
[Black "Schlager, Thomas"]
[Result "1-0"]
[WhiteElo "2285"]
[BlackElo "2241"]
[PlyCount "69"]
[EventDate "2012.10.14"]
[EventType "team-tourn"]
[EventRounds "9"]
[EventCountry "GER"]
[SourceTitle "EXT 2014"]
[Source "ChessBase"]
[SourceDate "2013.11.20"]
[SourceVersion "1"]
[SourceVersionDate "2013.11.20"]
[SourceQuality "1"]
[WhiteTeam "Dreisamtal"]
[BlackTeam "Karlsruhe"]
[WhiteTeamCountry "GER"]
[BlackTeamCountry "GER"]

1. d4 d5 2. Nf3 Nf6 3. Bf4 c5 4. e3 Qb6 5. Nc3 e6 6. dxc5 Bxc5 7. Na4 Qa5+ 8. c3 Be7 9. b4 Bxb4 10. cxb4 Qxb4+ 11. Nd2 Bd7 12. Qb3 Qxa4 13. Qxb7 Qc6 14. Qb2 Qb6 15. Qa3 Nc6 16. Rb1 Qa5 17. Qxa5 Nxa5 18. Bc7 Nc6 19. Bd6 a5 20. a3 Ne7 21. Bd3 Nc8 22. Bc5 Bc6 23. 0-0 Nd7 24. Bd4 e5 25. Bc3 Ke7 26. f4 f6 27. Rfc1 Kd6 28. Nb3 Ncb6 29. Nxa5 Ba4 30. Bf5 Nc4 31. Bb4+ Kc7 32. Nxc4 dxc4 33. Rxc4+ Kd8 34. Be4 Ra7 35. Bd6 1-0

[Event "Oberliga Baden 1112"]
[Site "Germany"]
[Date "2012.04.15"]
[Round "9.3"]
[White "Dudek, Richard"]
[Black "Gierth, Hans Joachim"]
[Result "0-1"]
[WhiteElo "2245"]
[BlackElo "2306"]
[PlyCount "102"]
[EventDate "2011.10.02"]
[EventType "team-tourn"]
[EventRounds "9"]
[EventCountry "GER"]
[SourceTitle "EXT 2013"]
[Source "ChessBase"]
[SourceDate "2012.11.22"]
[SourceVersion "1"]
[SourceVersionDate "2012.11.22"]
[SourceQuality "1"]
[WhiteTeam "Eppingen II"]
[BlackTeam "Dreisamtal"]
[WhiteTeamCountry "GER"]
[BlackTeamCountry "GER"]

1. e4 c6 2. d4 d5 3. exd5 cxd5 4. Bd3 Nc6 5. c3 Nf6 6. Bf4 Bg4 7. Qb3 Qd7 8. Nd2 e6 9. Ngf3 Bxf3 10. Nxf3 Bd6 11. Bxd6 Qxd6 12. Qxb7 Rb8 13. Qa6 0-0 14. Bb5 Rb6 15. Qa4 Ne7 16. 0-0 Rfb8 17. Bd3 Rxb2 18. Rab1 Rxb1 19. Rxb1 Rxb1+ 20. Bxb1 Qb6 21. Bd3 Qc7 22. Qa3 Ne8 23. g3 Nd6 24. Ne5 g6 25. Ng4 Kg7 26. Kg2 Nef5 27. Bxf5 Nxf5 28. Ne5 h5 29. Qb4 Nd6 30. a4 Ne4 31. c4 dxc4 32. Qxc4 Qxc4 33. Nxc4 Nc3 34. a5 Nb5 35. Kf3 Nxd4+ 36. Ke3 Nc6 37. a6 f5 38. Nd6 Kf6 39. f4 e5 40. fxe5+ Kxe5 41. Nb5 g5 42. h4 g4 43. Na3 Nb4 44. Nb5 Nxa6 45. Nxa7 Nb4 46. Nb5 Nd5+ 47. Kf2 f4 48. gxf4+ Kxf4 49. Nd4 g3+ 50. Kg2 Kg4 51. Ne2 Ne3+ 0-1

[Event "Oberliga Baden 1112"]
[Site "Germany"]
[Date "2012.02.05"]
[Round "6.5"]
[White "Gierth, Hans Joachim"]
[Black "Adler, Heiko"]
[Result "1-0"]
[WhiteElo "2306"]
[BlackElo "2074"]
[PlyCount "101"]
[EventDate "2011.10.02"]
[EventType "team-tourn"]
[EventRounds "9"]
[EventCountry "GER"]
[SourceTitle "EXT 2013"]
[Source "ChessBase"]
[SourceDate "2012.11.22"]
[SourceVersion "1"]
[SourceVersionDate "2012.11.22"]
[SourceQuality "1"]
[WhiteTeam "Dreisamtal"]
[BlackTeam "Oberwinden"]
[WhiteTeamCountry "GER"]
[BlackTeamCountry "GER"]

1. d4 Nf6 2. Nf3 e6 3. Bf4 b6 4. e3 Bb7 5. Nbd2 Be7 6. h3 0-0 7. c3 c5 8. Bd3 d5 9. Ne5 Nbd7 10. Qf3 Re8 11. g4 Nxe5 12. dxe5 Nd7 13. g5 Nf8 14. h4 d4 15. Be4 dxc3 16. bxc3 Bxe4 17. Nxe4 Qd5 18. h5 Nd7 19. g6 Rf8 20. h6 fxg6 21. hxg7 Rf5 22. c4 Nxe5 23. Qh3 Nf3+ 24. Qxf3 Qxc4 25. Nd2 Qd5 26. e4 Rxf4 27. exd5 Rxf3 28. Nxf3 exd5 29. 0-0-0 Rd8 30. Ne5 Kxg7 31. Nc6 Bg5+ 32. Kc2 Rd7 33. Rde1 Bf6 34. f4 b5 35. Rh3 b4 36. Kb3 Rc7 37. Re6 a5 38. Rd6 c4+ 39. Kc2 g5 40. fxg5 Bxg5 41. Rxd5 h6 42. Nxa5 b3+ 43. axb3 cxb3+ 44. Kxb3 Kg6 45. Nc4 Bf4 46. Kc3 Ra7 47. Kd3 Ra4 48. Rc5 Rb4 49. Ke4 Bg5 50. Rc6+ Kg7 51. Rd3 1-0

[Event "GER-chT Seniors 20th"]
[Site "Gladenbach"]
[Date "2011.09.13"]
[Round "3.4"]
[White "Gierth, Hans Joachim"]
[Black "Roedel, Egmar"]
[Result "1-0"]
[WhiteElo "2241"]
[BlackElo "1903"]
[PlyCount "75"]
[EventDate "2011.09.11"]
[EventType "team-swiss"]
[EventRounds "7"]
[EventCountry "GER"]
[SourceTitle "CBM 144 Extra"]
[Source "ChessBase"]
[SourceDate "2011.10.28"]
[SourceVersion "1"]
[SourceVersionDate "2011.10.28"]
[SourceQuality "1"]
[WhiteTeam "Baden"]
[BlackTeam "Brandenburg"]
[WhiteTeamCountry "GER"]
[BlackTeamCountry "GER"]

1. d4 d5 2. Bf4 Nc6 3. e3 Nf6 4. c4 e6 5. Nc3 Bd6 6. Bg3 0-0 7. Nf3 a6 8. Bd3 Nb4 9. Bb1 c5 10. dxc5 Bxc5 11. a3 Nc6 12. b4 Be7 13. c5 Ng4 14. h3 Nh6 15. 0-0 Bf6 16. Qb3 d4 17. Ne4 dxe3 18. Nxf6+ Qxf6 19. Qxe3 Nf5 20. Bxf5 exf5 21. Bd6 Rd8 22. Rfe1 Be6 23. Rad1 Re8 24. Qf4 Rac8 25. Be5 Nxe5 26. Rxe5 Rcd8 27. Rd6 Rxd6 28. cxd6 Rd8 29. Re1 g6 30. Rd1 Bb3 31. Rd2 h6 32. Qe3 Be6 33. Qb6 Rd7 34. Qc5 Qa1+ 35. Kh2 f6 36. Re2 Kf7 37. Nd4 Ba2 38. Qc8 1-0

[Event "Oberliga Baden 1011"]
[Site "Baden"]
[Date "2011.04.10"]
[Round "9.5"]
[White "Zuse, Peter"]
[Black "Gierth, Hans Joachim"]
[Result "1-0"]
[WhiteElo "2233"]
[BlackElo "2290"]
[PlyCount "37"]
[EventDate "2010.10.10"]
[EventType "team-tourn"]
[EventRounds "9"]
[EventCountry "GER"]
[SourceTitle "EXT 2012"]
[Source "ChessBase"]
[SourceDate "2011.11.24"]
[SourceVersion "1"]
[SourceVersionDate "2011.11.24"]
[SourceQuality "1"]
[WhiteTeam "Kirchheim"]
[BlackTeam "Dreisamtal"]
[WhiteTeamCountry "GER"]
[BlackTeamCountry "GER"]

1. e4 c6 2. d4 d5 3. f3 e6 4. Nc3 Bb4 5. a3 Bxc3+ 6. bxc3 dxe4 7. Qd2 Nf6 8. fxe4 Nxe4 9. Qe3 Nd6 10. Bd3 b6 11. Qg3 Nf5 12. Bxf5 exf5 13. Qxg7 Qh4+ 14. g3 Qe4+ 15. Kf2 Qxc2+ 16. Ne2 Rf8 17. Re1 Nd7 18. Bg5 f6 19. Kg1 1-0

[Event "GER CupT"]
[Site "Germany"]
[Date "2011.01.23"]
[Round "2.4"]
[White "Schrepp, Martin"]
[Black "Gierth, Hans Joachim"]
[Result "1/2-1/2"]
[WhiteElo "2277"]
[BlackElo "2290"]
[PlyCount "89"]
[EventDate "2011.01.22"]
[EventType "team-k.o."]
[EventRounds "6"]
[EventCountry "GER"]
[SourceTitle "EXT 2016"]
[Source "ChessBase"]
[SourceDate "2015.10.08"]
[SourceVersion "1"]
[SourceVersionDate "2015.10.08"]
[SourceQuality "1"]
[WhiteTeam "Hockenheim"]
[BlackTeam "Dreisamtal"]
[WhiteTeamCountry "GER"]
[BlackTeamCountry "GER"]

1. d4 d5 2. Nf3 Bf5 3. e3 e6 4. Bd3 Bxd3 5. cxd3 c6 6. 0-0 Nf6 7. b3 Nbd7 8. Bb2 Be7 9. Nc3 0-0 10. Ne2 a5 11. Nc3 Nb6 12. a3 Nfd7 13. Qe2 Re8 14. Rac1 Bd6 15. Nb1 f5 16. Ne5 Nxe5 17. dxe5 Be7 18. f4 Nd7 19. Nd2 Bc5 20. d4 Bf8 21. g4 g6 22. gxf5 exf5 23. Nf3 Be7 24. Rf2 Nf8 25. Rg2 Ne6 26. Qd3 Rf8 27. Kh1 Rf7 28. a4 Qf8 29. Rcg1 Qh6 30. Bc3 Qh5 31. Qf1 Bd8 32. Rg3 Qh6 33. Rh3 Qf8 34. Rhg3 b6 35. h4 Rg7 36. Qh3 Raa7 37. Be1 b5 38. R3g2 Rab7 39. h5 gxh5 40. Qxh5 Rxg2 41. Rxg2+ Rg7 42. Rxg7+ Nxg7 43. Qh6 Qe8 44. Bh4 Bxh4 45. Nxh4 1/2-1/2

[Event "GER CupT"]
[Site "Germany"]
[Date "2011.01.22"]
[Round "1.24"]
[White "Gierth, Hans Joachim"]
[Black "Nies, Peter"]
[Result "1-0"]
[WhiteElo "2290"]
[BlackElo "2117"]
[PlyCount "135"]
[EventDate "2011.01.22"]
[EventType "team-k.o."]
[EventRounds "6"]
[EventCountry "GER"]
[SourceTitle "EXT 2016"]
[Source "ChessBase"]
[SourceDate "2015.10.08"]
[SourceVersion "1"]
[SourceVersionDate "2015.10.08"]
[SourceQuality "1"]
[WhiteTeam "Dreisamtal"]
[BlackTeam "Gernsheim"]
[WhiteTeamCountry "GER"]
[BlackTeamCountry "GER"]

1. d4 e6 2. Bf4 Nf6 3. e3 c5 4. c3 Nc6 5. Nd2 Be7 6. Bd3 a6 7. h3 b5 8. Ngf3 Bb7 9. 0-0 Qb6 10. a3 0-0 11. Qe2 Rfe8 12. dxc5 Bxc5 13. b4 Bf8 14. c4 e5 15. c5 Qa7 16. Ne4 Nxe4 17. Bxe4 exf4 18. Qd3 g6 19. Bd5 Ne5 20. Nxe5 Rxe5 21. Bxb7 Qxb7 22. exf4 Qd5 23. Qg3 Re4 24. Rad1 Qe6 25. Qf3 Re8 26. f5 Qc6 27. Qd3 a5 28. fxg6 hxg6 29. Qb1 axb4 30. axb4 d6 31. cxd6 Bxd6 32. Rc1 Rc4 33. h4 Re5 34. g3 Qe4 35. Rxc4 Qxb1 36. Rc8+ Kg7 37. Rxb1 Re4 38. Kf1 Bxb4 39. Rb8 Bc5 40. R8xb5 Rc4 41. R1b3 Bd4 42. Kg2 Rc7 43. Rb7 Rc5 44. Rf3 Bf6 45. Kh3 Rh5 46. Rd7 Rh8 47. Rb3 g5 48. Rbb7 gxh4 49. Rxf7+ Kg6 50. g4 Ra8 51. Rxf6+ Kxf6 52. Kxh4 Rh8+ 53. Kg3 Ra8 54. Rb6+ Kg7 55. f4 Ra3+ 56. Kh4 Ra1 57. Kg5 Ra5+ 58. f5 Ra7 59. Rb5 Rc7 60. Kh5 Rc1 61. Ra5 Rb1 62. g5 Rh1+ 63. Kg4 Rg1+ 64. Kf4 Rf1+ 65. Ke4 Re1+ 66. Kd5 Rd1+ 67. Ke6 Rg1 68. Ra7+ 1-0

[Event "Oberliga Baden 1011"]
[Site "Baden"]
[Date "2010.11.14"]
[Round "3.4"]
[White "Gierth, Hans Joachim"]
[Black "Villing, Dieter"]
[Result "1-0"]
[WhiteElo "2216"]
[BlackElo "2205"]
[PlyCount "109"]
[EventDate "2010.10.10"]
[EventType "team-tourn"]
[EventRounds "9"]
[EventCountry "GER"]
[SourceTitle "EXT 2012"]
[Source "ChessBase"]
[SourceDate "2011.11.24"]
[SourceVersion "1"]
[SourceVersionDate "2011.11.24"]
[SourceQuality "1"]
[WhiteTeam "Dreisamtal"]
[BlackTeam "Ladenburg"]
[WhiteTeamCountry "GER"]
[BlackTeamCountry "GER"]

1. d4 Nf6 2. Nf3 e6 3. c3 c5 4. Bf4 Nc6 5. e3 Qb6 6. Qb3 d5 7. h3 c4 8. Qc2 Ne4 9. Nbd2 Nxd2 10. Nxd2 Be7 11. b3 cxb3 12. axb3 0-0 13. Bd3 h6 14. 0-0 Bd7 15. Rfc1 Rfc8 16. Qb1 Qd8 17. b4 Qf8 18. b5 Nd8 19. c4 g5 20. Bg3 f5 21. cxd5 exd5 22. Qb3 Be6 23. Be5 Nf7 24. f4 Nxe5 25. fxe5 Rxc1+ 26. Rxc1 Rc8 27. Rf1 Bb4 28. Ne4 Kh8 29. Nf6 Rc3 30. Qd1 Qc8 31. Qh5 Kg7 32. Ne8+ Kf8 33. Bxf5 Bxf5 34. Nd6 Bxd6 35. Qxh6+ Ke8 36. Qh5+ Kd8 37. exd6 Qe6 38. Qxg5+ Kd7 39. Rxf5 Qxe3+ 40. Qxe3 Rxe3 41. Rxd5 Re8 42. Kf2 a5 43. bxa6 bxa6 44. Ra5 Ra8 45. Ke3 Kxd6 46. Kd3 Kc6 47. Kc4 Kb6 48. Rg5 a5 49. Rg6+ Kc7 50. Kb3 a4+ 51. Ka3 Rd8 52. Rg4 Ra8 53. h4 Kd6 54. h5 Ke6 55. h6 1-0

[Event "Baden-ch Seniors"]
[Site "Haslach im Kinzigtal"]
[Date "2010.06.04"]
[Round "7"]
[White "Dushatskiy, Fedor"]
[Black "Gierth, Hans Joachim"]
[Result "0-1"]
[WhiteElo "2203"]
[BlackElo "2216"]
[PlyCount "24"]
[EventDate "2010.05.29"]
[EventType "swiss"]
[EventRounds "9"]
[EventCountry "GER"]
[SourceTitle "EXT 2011"]
[Source "ChessBase"]
[SourceDate "2010.11.26"]
[SourceVersion "1"]
[SourceVersionDate "2010.11.26"]
[SourceQuality "1"]

1. f4 d5 2. Nf3 Nf6 3. g3 g6 4. Bg2 Bg7 5. 0-0 0-0 6. d3 c5 7. c3 Nc6 8. Qe1 d4 9. Na3 Rb8 10. e4 dxc3 11. e5 cxb2 12. Bxb2 Nd5 0-1

[Event "Baden-ch Seniors"]
[Site "Haslach im Kinzigtal"]
[Date "2010.06.03"]
[Round "6"]
[White "Kaufmann, Helmut"]
[Black "Gierth, Hans Joachim"]
[Result "0-1"]
[WhiteElo "2076"]
[BlackElo "2216"]
[PlyCount "120"]
[EventDate "2010.05.29"]
[EventType "swiss"]
[EventRounds "9"]
[EventCountry "GER"]
[SourceTitle "EXT 2011"]
[Source "ChessBase"]
[SourceDate "2010.11.26"]
[SourceVersion "1"]
[SourceVersionDate "2010.11.26"]
[SourceQuality "1"]

1. g3 d5 2. d4 Bf5 3. Bg2 e6 4. Nf3 Nf6 5. 0-0 Be7 6. Nbd2 h6 7. c3 0-0 8. Ne5 c5 9. e3 Nc6 10. Ndf3 Qc7 11. Re1 Bd6 12. Nxc6 bxc6 13. b3 Ne4 14. Bb2 a5 15. Nd2 Nxd2 16. Qxd2 a4 17. dxc5 Bxc5 18. b4 a3 19. bxc5 axb2 20. Qxb2 Rfb8 21. Qd2 Ra3 22. e4 Bg6 23. Rab1 Rxb1 24. Rxb1 Qa5 25. Rb2 Qxc5 26. exd5 cxd5 27. Rb3 Qa5 28. Rxa3 Qxa3 29. Bf1 Bb1 30. c4 Bxa2 31. cxd5 exd5 32. Qe3 Qa4 33. Bd3 Bc4 34. Kg2 Qb5 35. Bc2 Bf1+ 36. Kg1 Bc4 37. Kg2 Bf1+ 38. Kg1 Bh3 39. Bd3 Qa4 40. Qc1 d4 41. Qb1 Qa7 42. f4 g6 43. Kf2 Kg7 44. Qe1 Qa2+ 45. Qe2 Qd5 46. Qf3 Qc5 47. Qe2 h5 48. Qc2 Qd6 49. Qb2 Qd5 50. Kg1 Bd7 51. Qg2 Bc6 52. Qxd5 Bxd5 53. Kf2 Kf6 54. h4 Be6 55. Kf3 Bf5 56. Bc4 Ke7 57. Bd5 f6 58. Bc4 Kd6 59. Bb3 Kc5 60. Ke2 Kb4 0-1

[Event "Baden-ch Seniors"]
[Site "Haslach im Kinzigtal"]
[Date "2010.06.01"]
[Round "4"]
[White "Striebich, Rudolf"]
[Black "Gierth, Hans Joachim"]
[Result "0-1"]
[WhiteElo "2188"]
[BlackElo "2216"]
[PlyCount "132"]
[EventDate "2010.05.29"]
[EventType "swiss"]
[EventRounds "9"]
[EventCountry "GER"]
[SourceTitle "EXT 2011"]
[Source "ChessBase"]
[SourceDate "2010.11.26"]
[SourceVersion "1"]
[SourceVersionDate "2010.11.26"]
[SourceQuality "1"]

1. e4 c6 2. d3 d5 3. Nd2 e5 4. Ngf3 Bd6 5. Be2 Nf6 6. 0-0 0-0 7. c3 Re8 8. Qc2 Nbd7 9. a4 Nf8 10. Re1 Ng6 11. Bf1 Bg4 12. h3 Bd7 13. g3 h6 14. Bg2 Qc7 15. Nf1 Rad8 16. Ne3 Qc8 17. Kh2 a6 18. a5 dxe4 19. dxe4 Be6 20. b3 Rd7 21. Nf5 Bf8 22. Be3 c5 23. N5h4 Nxh4 24. Nxh4 Red8 25. Nf3 Qc7 26. Nd2 Ne8 27. c4 Be7 28. Nf3 Nf6 29. b4 Nh7 30. b5 Ng5 31. Ng1 f6 32. h4 Nf7 33. Bf1 Nd6 34. f3 f5 35. Nh3 f4 36. gxf4 Bxh4 37. Red1 Bf6 38. f5 Bf7 39. Rdc1 Bh5 40. Be2 Nf7 41. b6 Qc6 42. Rd1 Ng5 43. Rxd7 Rxd7 44. Ng1 g6 45. fxg6 Bxg6 46. Rd1 Ne6 47. Rxd7 Qxd7 48. Qd2 Qxd2 49. Bxd2 Bg5 50. Bc3 Nd4 51. Bd1 Bf7 52. Nh3 Be3 53. Kg3 Bxc4 54. f4 exf4+ 55. Nxf4 Kf7 56. Nd5 Bg5 57. Kg4 Ke6 58. Ba4 Bxd5 59. exd5+ Kxd5 60. Bxd4 cxd4 61. Bd1 Kc5 62. Be2 Bd2 63. Bxa6 Kc6 64. Be2 Bxa5 65. Kf3 Bd2 66. Ke4 Be3 0-1

[Event "Baden-ch Seniors"]
[Site "Haslach im Kinzigtal"]
[Date "2010.05.29"]
[Round "1"]
[White "Gierth, Hans Joachim"]
[Black "Cerff, Peter"]
[Result "1/2-1/2"]
[WhiteElo "2216"]
[BlackElo "1939"]
[PlyCount "66"]
[EventDate "2010.05.29"]
[EventType "swiss"]
[EventRounds "9"]
[EventCountry "GER"]
[SourceTitle "EXT 2011"]
[Source "ChessBase"]
[SourceDate "2010.11.26"]
[SourceVersion "1"]
[SourceVersionDate "2010.11.26"]
[SourceQuality "1"]

1. d4 Nf6 2. Bf4 d6 3. e3 g6 4. Be2 Bg7 5. Nf3 0-0 6. 0-0 a6 7. c4 Nbd7 8. Nc3 c5 9. h3 Re8 10. Rc1 Qb6 11. Qd2 Qc6 12. d5 Qc7 13. e4 Rb8 14. Rfe1 Ne5 15. Nxe5 dxe5 16. Be3 b6 17. a3 Qd6 18. f3 Nh5 19. Kh2 f5 20. b4 Bd7 21. Rb1 Rec8 22. Rb2 f4 23. Bf2 Kf7 24. Reb1 Bf8 25. bxc5 bxc5 26. Rxb8 Rxb8 27. Rxb8 Qxb8 28. Bxc5 Ng3 29. Bd3 g5 30. Qc2 h5 31. Bf2 g4 32. fxg4 hxg4 33. hxg4 Qd6 1/2-1/2

[Event "Verbandsliga Sued Baden 0910"]
[Site "Germany"]
[Date "2010.04.25"]
[Round "9.4"]
[White "Gierth, Hans Joachim"]
[Black "Kramer, Colin"]
[Result "1/2-1/2"]
[WhiteElo "2216"]
[BlackElo "1956"]
[PlyCount "148"]
[EventDate "2009.10.11"]
[EventType "team-tourn"]
[EventRounds "9"]
[EventCountry "GER"]
[SourceTitle "EXT 2011"]
[Source "ChessBase"]
[SourceDate "2010.11.26"]
[SourceVersion "1"]
[SourceVersionDate "2010.11.26"]
[SourceQuality "1"]
[WhiteTeam "Dreisamtal"]
[BlackTeam "Iffezheim"]
[WhiteTeamCountry "GER"]
[BlackTeamCountry "GER"]

1. d4 e6 2. Nf3 Nf6 3. Bf4 b6 4. e3 Bb7 5. h3 c5 6. Bd3 d5 7. c3 Be7 8. Nbd2 0-0 9. Qb1 a5 10. a4 Ba6 11. Bc2 cxd4 12. exd4 Nbd7 13. g4 g6 14. Bd3 Qc8 15. 0-0 Bxd3 16. Qxd3 Qc6 17. Rfe1 Ne8 18. Re2 Bd6 19. Qe3 Bxf4 20. Qxf4 Qd6 21. Qh6 f6 22. Qe3 Ng7 23. Rae1 Rae8 24. Nf1 Qc6 25. b3 b5 26. axb5 Qxb5 27. N3d2 e5 28. c4 Qb4 29. dxe5 Nxe5 30. Qd4 dxc4 31. Qd5+ Kh8 32. bxc4 Rc8 33. Rb1 Qc5 34. Qxc5 Rxc5 35. Ne3 a4 36. Ne4 Ra5 37. Nxf6 h5 38. Nfd5 Ne6 39. Rb6 Nd4 40. Ra2 hxg4 41. hxg4 Ndf3+ 42. Kg2 Nxc4 43. Rb4 Nxe3+ 44. Nxe3 Ne1+ 45. Kf1 Nd3 46. Rd4 Nc5 47. Ra3 Rfa8 48. Kg2 Ne6 49. Rb4 Kg7 50. Rb7+ Kg8 51. Kg3 R8a7 52. Rb4 Nc7 53. Nc4 R5a6 54. Nb2 Nd5 55. Rd4 Nc3 56. Rb4 Nb1 57. Raxa4 Rxa4 58. Nxa4 Na3 59. Nc5 Nc2 60. Rb8+ Kf7 61. Kh4 Nd4 62. Rb6 Ra2 63. Rb7+ Kf8 64. Rb4 Nf3+ 65. Kg3 Ne5 66. Ne6+ Ke7 67. Rb6 Ra3+ 68. Kf4 Nd3+ 69. Kg5 Ra5+ 70. Kh6 Nxf2 71. g5 Ne4 72. Kxg6 Re5 73. Kh6 Rxe6+ 74. Rxe6+ Kxe6 1/2-1/2

[Event "GER CupT qual"]
[Site "Germany"]
[Date "2010.01.16"]
[Round "1"]
[White "Gierth, Hans Joachim"]
[Black "Weiss, Oliver"]
[Result "1/2-1/2"]
[WhiteElo "2216"]
[BlackElo "2196"]
[PlyCount "32"]
[EventDate "2010.01.16"]
[EventType "team-k.o."]
[EventRounds "1"]
[EventCountry "GER"]
[SourceTitle "CBM 134 Extra"]
[Source "ChessBase"]
[SourceDate "2010.03.03"]
[SourceVersion "1"]
[SourceVersionDate "2010.03.03"]
[SourceQuality "1"]

1. d4 e6 2. Bf4 Nf6 3. e3 b6 4. Nf3 Bb7 5. h3 Bd6 6. Bxd6 cxd6 7. Nbd2 d5 8. Bd3 0-0 9. Qe2 Ne4 10. 0-0 f5 11. c4 Qe7 12. a3 d6 13. Rac1 Nd7 14. cxd5 Bxd5 15. Bc4 Bb7 16. Rc2 Ndf6 1/2-1/2

[Event "Verbandsliga Sued Baden 0910"]
[Site "Germany"]
[Date "2010.01.10"]
[Round "5.4"]
[White "Gierth, Hans Joachim"]
[Black "Richter, Klaus1111"]
[Result "1-0"]
[WhiteElo "2216"]
[BlackElo "2083"]
[PlyCount "97"]
[EventDate "2009.10.11"]
[EventType "team-tourn"]
[EventRounds "9"]
[EventCountry "GER"]
[SourceTitle "EXT 2011"]
[Source "ChessBase"]
[SourceDate "2010.11.26"]
[SourceVersion "1"]
[SourceVersionDate "2010.11.26"]
[SourceQuality "1"]
[WhiteTeam "Dreisamtal"]
[BlackTeam "Donaueschingen"]
[WhiteTeamCountry "GER"]
[BlackTeamCountry "GER"]

1. d4 c5 2. c3 e6 3. Bf4 d5 4. e3 Nc6 5. Nd2 Bd6 6. Bg3 Nge7 7. Bd3 cxd4 8. exd4 e5 9. dxe5 Nxe5 10. Be2 0-0 11. Ngf3 Nxf3+ 12. Nxf3 Qb6 13. Qd2 Bxg3 14. hxg3 Bf5 15. Nd4 Bg6 16. g4 Rfe8 17. Kf1 Nc6 18. Nxc6 bxc6 19. Rh3 Rad8 20. Rd1 Rb8 21. b3 a5 22. Bd3 Qc7 23. Bxg6 fxg6 24. Re3 Qh2 25. Rh3 Qe5 26. Re1 Qxe1+ 27. Qxe1 Rxe1+ 28. Kxe1 a4 29. b4 a3 30. Kd2 c5 31. bxc5 Rb2+ 32. Kd3 Rxa2 33. c6 Rxf2 34. Kd4 a2 35. Rh1 Rd2+ 36. Kc5 Rc2 37. c7 Rxc3+ 38. Kd6 Kf7 39. Rf1+ Ke8 40. Ra1 Kf7 41. Rxa2 Kf6 42. Ra8 Kg5 43. c8Q Rxc8 44. Rxc8 Kxg4 45. Kxd5 g5 46. Ke4 Kg3 47. Kf5 h6 48. Rg8 Kxg2 49. Kg4 1-0

[Event "Verbandsliga Sued Baden 0910"]
[Site "Germany"]
[Date "2009.10.11"]
[Round "1.5"]
[White "Gierth, Hans Joachim"]
[Black "Merklinger, Markus"]
[Result "1-0"]
[WhiteElo "2216"]
[BlackElo "2160"]
[PlyCount "171"]
[EventDate "2009.10.11"]
[EventType "team-tourn"]
[EventRounds "9"]
[EventCountry "GER"]
[SourceTitle "EXT 2011"]
[Source "ChessBase"]
[SourceDate "2010.11.26"]
[SourceVersion "1"]
[SourceVersionDate "2010.11.26"]
[SourceQuality "1"]
[WhiteTeam "Dreisamtal"]
[BlackTeam "Kuppenheim"]
[WhiteTeamCountry "GER"]
[BlackTeamCountry "GER"]

1. d4 d5 2. Bf4 Nf6 3. e3 Bf5 4. c4 e6 5. Nc3 c6 6. Qb3 Qc8 7. h3 Nbd7 8. Nf3 Be7 9. Be2 0-0 10. Nh4 Bg6 11. Nxg6 hxg6 12. 0-0 Re8 13. Rfc1 Nb6 14. cxd5 exd5 15. a4 Qd7 16. a5 Nc8 17. Na4 a6 18. Rc2 Bd6 19. Bxd6 Nxd6 20. Nb6 Qf5 21. Nxa8 Rxa8 22. Bd3 Qg5 23. Qb4 Rd8 24. Qe1 Nh5 25. Ra3 Re8 26. Qd1 f5 27. Rac3 Nf6 28. Qf3 Nfe4 29. Rb3 Qd8 30. Rb6 Re7 31. Bxe4 fxe4 32. Qg4 Nc4 33. Rxc4 dxc4 34. Qg5 Qd6 35. Qg4 Kh7 36. d5 Re5 37. dxc6 Rxa5 38. g3 bxc6 39. Qxe4 Ra1+ 40. Kg2 Qd5 41. Qxd5 cxd5 42. Rd6 Ra5 43. Kf3 Rb5 44. Rxa6 Rxb2 45. Rc6 Rd2 46. h4 Rb2 47. Rc5 Rd2 48. g4 Kg8 49. Rc7 Kf8 50. Kg3 Rd3 51. Kf4 Rd2 52. f3 d4 53. exd4 Rxd4+ 54. Kg5 Rd6 55. Rxc4 Kf7 56. Rc5 Ra6 57. f4 Rb6 58. Re5 Ra6 59. Rb5 Rc6 60. h5 gxh5 61. Rb7+ Kf8 62. Kxh5 Rh6+ 63. Kg5 Rc6 64. f5 Ra6 65. Kh5 Rh6+ 66. Kg5 Ra6 67. Rb4 Kf7 68. Rb8 Rc6 69. Rh8 Rc1 70. Rh3 Rc6 71. Rd3 Rb6 72. Rd7+ Kf8 73. Kf4 Rb4+ 74. Kf3 Rb3+ 75. Ke4 Rb4+ 76. Rd4 Rb1 77. g5 Re1+ 78. Kf4 Rf1+ 79. Kg4 Rf2 80. Ra4 Rb2 81. Kh5 Rb8 82. Kg6 Rb6+ 83. f6 gxf6 84. gxf6 Rb8 85. Rh4 Kg8 86. f7+ 1-0